000
00218 a2200097 4500
001
9539
100
_a
Flicher, Hillen Jill
245
_a
Insani Jisem
260
_a
_b
Sheikh Ghulam Ali and Sons
_c
090
_c
7583
_d
7583
942
_a
NUST-CAE
_c
M
_c
34248
999
_c
244612
_d
244612